000 00979nam a2200301 a 4500
001 86224
003 BD-RjUL
005 20260226104721.0
008 260226r20252024ii ab b 001 0 eng
020 _a9789357051484
020 _a9357051481
035 _a(BD-RjUL)86224
040 _aDLC
_cDLC
_dDLC
_dBD-RjUL
_beng
041 _aeng
043 _aa-ii---
082 0 0 _223
_a934
_bSIH 2025
100 1 _aSingh, Upinder.
_917810
245 1 2 _aA history of ancient and early medieval India :
_bfrom the Stone Age to the 12th century /
_cUpinder Singh.
250 _a2nd ed.
260 _aNew Delhi ;
_aUpper Saddle River, NJ :
_bPearson Education,
_cc2024, [impression 2025]
300 _axxxvi, 817 p. :
_bill. (some col.), col. maps ;
_c28 cm.
336 _atext
_btxt
_2rdacontent
337 _aunmediated
_bn
_2rdamedia
338 _avolume
_bnc
_2rdacarrier
504 _aIncludes bibliographical references and index.
651 0 _aIndia
_xHistory.
942 _2ddc
_cBK
999 _c86224
_d86224